Cómo sobrevivir en el aula : Guía emocional para docentes /

El libro pretende dar respuesta a algunas de las inquietudes sobre la consistencia y limites de la profesión docente, partiendo del concepto de riesgo emocional que se ciernen sobre los profesionales de la enseñanza. La alternativa a la supervivencia en el aula es el pleno ejercicio de nuestra libre...

Full description

Bibliographic Details
Main Author: Galindo Galindo, Antonio
Format: Libro
Language:Spanish
Published: [España] ICCE 2005
Series:Estrategias educativas
Subjects:
Online Access:

MARC

LEADER 00000cam a2200000 a 4500
001 015037
003 UAHC_CL
005 20170803121214.0
008 071023s2005 sp 000 spa
020 |a 8472783138 
040 |a UAHC_CL  |c UAHC_CL  |d UAHC_CL 
082 0 4 |a 371.102  |b G156  |2 20 
100 1 |a Galindo Galindo, Antonio 
245 1 0 |a Cómo sobrevivir en el aula :  |b Guía emocional para docentes /  |c Antonio Galindo Galindo. 
260 |b ICCE  |a [España]  |c 2005 
300 |a 135 p. 
490 0 |a Estrategias educativas 
520 |a El libro pretende dar respuesta a algunas de las inquietudes sobre la consistencia y limites de la profesión docente, partiendo del concepto de riesgo emocional que se ciernen sobre los profesionales de la enseñanza. La alternativa a la supervivencia en el aula es el pleno ejercicio de nuestra libre elección, la máxima expresión de la propia responsabilidad. Pero este no es un camino exento de emociones, sino el más apasionante de los caminos posibles: ser uno mismo, en un contexto donde la propia falta de identidad y de autonomía es la causa del enorme malestar emocional en el que viven los docentes y aun la mayoría de las personas. 
650 4 |a EDUCACION  |x ASPECTOS PSICOLOGICOS 
653 |a MAGISTER EN EDUCACION EMOCIONAL 
900 |a 371.102 GAL 
942 |c BK 
952 |0 0  |1 0  |4 0  |6 371_102000000000000_GAL  |7 0  |8 General  |9 30066  |a BC  |b BC  |c General  |d 2017-08-03  |o 371.102 GAL  |p 1360484  |r 2026-01-13 00:00:00  |t 1  |w 2017-08-03  |y BK 
952 |0 0  |1 0  |4 0  |6 371_102000000000000_GAL  |7 0  |8 General  |9 30067  |a BC  |b BC  |c General  |d 2017-08-03  |o 371.102 GAL  |p 1360485  |r 2026-01-13 00:00:00  |t 2  |w 2017-08-03  |y BK 
952 |0 0  |1 0  |4 0  |6 371_102000000000000_GAL  |7 0  |8 General  |9 30068  |a BC  |b BC  |c General  |d 2017-08-03  |o 371.102 GAL  |p 1361983  |r 2026-01-13 00:00:00  |t 3  |w 2017-08-03  |y BK 
999 |c 15037  |d 15037